"Stan" Countries - Statistics

General Stats
  • This quiz has been taken 23 times
  • The average score is 7 of 7
Answer Stats
Answer % Correct
Afghanistan
100%
Kazakhstan
96%
Pakistan
96%
Tajikistan
96%
Uzbekistan
96%
Turkmenistan
91%
Kyrgyzstan
78%
No matching quizzes found
Score Distribution
Percent of People with Each Score
Percentile by Number Answered
Your Score History
You have not taken this quiz